00000000nam##2200000za#4500
0019.516433
003CaOODSP
00520200327031624
007ta
008150406|1992||||xxc|||||     f|0| 0 fre|d
020 |a0-660-57945-6
022 |a0706-148X
040 |aCaOODSP|bfre
041 |aeng
041 |afre
043 |an-cn---
0861 |aS52-2/214-1992
1101 |aCanada.|bSecrétariat d'État du Canada. |bBureau de la traduction.
24510|aVocabulaire du réchauffement climatique, Volume I: Les agents à effet de serre / |cpar Denis Rivard.
260 |aOttawa - Ontario : |bSecrétariat d'État du Canada. |c1992.
300 |a597p. : |c22 cm.
4901 |aBulletin de terminologie|x0706-148X|v214
504 |aBibliographie.
5203 |aBulletin de terminologie 214.. Premier d'une série de vocabulaires consacrés à l'environnement, il contient près de 7 000 termes. Le lecteur y trouvera toute la terminologie néologique employée pour décrire ce phénomène contemporain, y compris une typologie complète des différentes catégories de gaz à effet de serre importants Une attention toute particulière a été portée aux CFC ou chlorofluorocarbures. Le document consacre également une large part à la terminologie des particules atmosphériques (aérosols) ainsi qu'à celle de l'humidité de l'air (nuages), deux agents à effet de serre dont le comportement intéresse au plus haut point les modélisateurs. La terminologie de la protection de la couche d'ozone, un problème connexe aussi important que celui de l'effet de serre, a également été soigneusement répertoriée.
546 |aBilingue
563 |aCouverture souple
590 |a93-06|b1993-02-12
69107|aTerminologie|2gcpds
69107|aEffet de serre|2gcpds
69107|aRéchauffement de la planète|2gcpds
7201 |aRivard, Denis
7760#|tVocabulary of global warming. Volume I: Contributors to the greenhouse effect / |w(CaOODSP)9.590525
791 |tVocabulary of global warming, Volume I: Contributors to the greenhouse effect / |eeng|w(CaOODSP)9.516432
830#0|aBulletin de terminologie,|x0706-148X|v214|w(CaOODSP)9.509599